000 01618nam a22002657a 4500
003 NALT
005 20251125233116.0
008 s2556 th tha d
020 _a9786167790282
040 _aNALT
041 _atha
050 _aDS 33.4
_bอ893จ 2556
100 0 _aเอนก เหล่าธรรมทัศน์
_96974
245 1 0 _aจีนมุ่งลงใต้ อินเดียมุ่งตะวันออก อาเซียนตอนบนในยุคบูรพาภิวัตน์ /
_cเอนก เหล่าธรรมทัศน์, ศิวพล ละอองสกุล.
260 _aกรุงเทพฯ :
_bสำนักงานกองทุนสนับสนุนสร้างเสริมสุขภาพ (สสส.),
_c2556.
300 _a115 หน้า :
_bแผนที่, ตาราง ;
_c21 ซม.
651 4 _916446
_aกลุ่มประเทศอาเซียน
_xความสัมพันธ์ทางเศรษฐกิจกับต่างประเทศ
_zจีน
651 4 _931235
_aกลุ่มประเทศอาเซียน
_xความสัมพันธ์ทางเศรษฐกิจกับต่างประเทศ
_zอินเดีย
700 0 _931234
_aศิวพล ละอองสกุล
850 _aNALT
856 4 0 _uhttps://hdl.handle.net/20.500.14156/521555
942 _cGB
_2lcc
996 _asaiphon.d
_bCATSTF
_c2023-03-21
999 _c72123
_d72123
998 _j104
_k นางสาวสายฝน ดีงาม